00712nam a2200181 a 450000100100000000500170001000800410002702000150006804000250008310000320010824501580014025000110029826000530030930000370036250000630039950400320046270000360049400003924620201002031548.0130617s2005 dr ac 000 0 spa d a9993474148 aDO-SdBNPbspacBNPHU1 aPeguero de Aza, Maximiliano10aQuinientos años de historia de los pueblos del Este :borígen y evolución /cMaximiliano Peguero de Aza ; prólogo Ángel E. Martínez Santiago. a2a ed. aSanto Domingo :bImpresora Soto Castillo,c2005. a323 p. :bils., retrs. ;c22 cm. aIncluye datos biográficos del autor en la contracubierta aBibliografía : p. 321-3231 aMartínez Santiago, Ángel E.